000
00183nam a2200085Ia 4500
008
170617s9999 xx 000 0 und d
100
_a
Merck
245
4
_a
The merck Manual
260
_b
Elesvir Pub
260
_c
2006
999
_c
15364
_d
15364